000 00218nam a2200097Ia 4500
008 240331s9999 xx 000 0 und d
082 _bILA
100 _aWijesuriya,S. ed
245 0 _aIlankai naadar kathaikal
942 _cL
999 _c3628
_d3628